Standstill utopias? : Dalits encountering Christianity (Record no. 22937)
[ view plain ]
| 000 -LEADER | |
|---|---|
| fixed length control field | 00786cam a2200241 i 4500 |
| 020 ## - INTERNATIONAL STANDARD BOOK NUMBER | |
| ISBN | 9788184656015 |
| 020 ## - INTERNATIONAL STANDARD BOOK NUMBER | |
| ISBN | 8184656017 |
| 082 04 - DEWEY DECIMAL CLASSIFICATION NUMBER | |
| Classification number | 954.840 |
| Author Cutter | MAL |
| 100 1# - MAIN ENTRY--AUTHOR NAME | |
| Author name | Maliekal, Jose D., |
| 245 10 - TITLE STATEMENT | |
| Title | Standstill utopias? : Dalits encountering Christianity |
| 260 ## - PUBLICATION, DISTRIBUTION, ETC. (IMPRINT) | |
| Place of publication | Delhi |
| Name of publisher | ISPCK |
| Year of publication | 2017 |
| 300 ## - PHYSICAL DESCRIPTION | |
| Number of Pages | xlvi, 364 pages ; |
| 500 ## - GENERAL NOTE | |
| General note | Originally presented as the author's thesis (Ph.D.)--Department of Christian Studies, Univeristy of Madras, 2002. |
| 650 #0 - SUBJECT ADDED ENTRY--TOPICAL TERM | |
| Topical Term | Madigas |
| 650 #0 - SUBJECT ADDED ENTRY--TOPICAL TERM | |
| Topical Term | Dalits |
| 650 #0 - SUBJECT ADDED ENTRY--TOPICAL TERM | |
| Topical Term | Christian converts from Hinduism |
| 650 #0 - SUBJECT ADDED ENTRY--TOPICAL TERM | |
| Topical Term | Church work with people with social disabilities |
| 650 #7 - SUBJECT ADDED ENTRY--TOPICAL TERM | |
| Topical Term | Christian converts from Hinduism. |
| 650 #7 - SUBJECT ADDED ENTRY--TOPICAL TERM | |
| Topical Term | Church work with people with social disabilities. |
| 650 #7 - SUBJECT ADDED ENTRY--TOPICAL TERM | |
| Topical Term | Dalits |
| 942 ## - ADDED ENTRY ELEMENTS (KOHA) | |
| Koha item type | Books |
| Home library | Current library | Shelving location | Date acquired | Source of acquisition | Cost, normal purchase price | Full call number | Accession Number | Koha item type |
|---|---|---|---|---|---|---|---|---|
| Henry Martyn Institute Library | Henry Martyn Institute Library | General stacks | 06/08/2020 | ISPCK | 400.00 | 954.840 MAL | 11-4353 | Books |
| Henry Martyn Institute Library | Henry Martyn Institute Library | General stacks | 06/08/2020 | ISPCK | 400.00 | 954.840 MAL | 11-4351 | Books |
| Henry Martyn Institute Library | Henry Martyn Institute Library | General stacks | 06/08/2020 | ISPCK | 400.00 | 954.840 MAL | 11-4352 | Books |
